000 00367nam a2200145 i 4500
001 bg
100 1 _aSMARZYŃSKI, Henryk
245 0 _aPodstawowe zagadnienia dydaktyki szkoły wyższej /
_cHenryk Smarzyński.
250 _aWyd.2 uzup.
260 _aKraków,
_c1974.
040 _cBPK
041 _apol
942 _cKS
008 s pl f |000 0 pol
999 _c16853
_d16853
856 _uhttp://koha.tu.koszalin.pl/cgi-bin/koha/opac-detail.pl?biblionumber=16853
_yKatalog online BPK